The safety and protection of the world's children : (Record no. 43705)

MARC details
001 - CONTROL NUMBER
control field 23871140
003 - CONTROL NUMBER IDENTIFIER
control field 0199056
005 - DATE AND TIME OF LATEST TRANSACTION
control field 20251011162158.0
008 - FIXED-LENGTH DATA ELEMENTS--GENERAL INFORMATION
fixed length control field 240919s2024 nyu 000 0 eng
010 ## - LIBRARY OF CONGRESS CONTROL NUMBER
LC control number 2024946876
020 ## - INTERNATIONAL STANDARD BOOK NUMBER
International Standard Book Number 9780192844071
020 ## - INTERNATIONAL STANDARD BOOK NUMBER
Cancelled/invalid ISBN 9780192657923
020 ## - INTERNATIONAL STANDARD BOOK NUMBER
Cancelled/invalid ISBN 9780192657916
020 ## - INTERNATIONAL STANDARD BOOK NUMBER
Cancelled/invalid ISBN 9780191926839
035 ## - SYSTEM CONTROL NUMBER
System control number 23871140
040 ## - CATALOGING SOURCE
Original cataloging agency DLC
Language of cataloging eng
Description conventions rda
Transcribing agency DLC
042 ## - AUTHENTICATION CODE
Authentication code pcc
050 ## - LIBRARY OF CONGRESS CALL NUMBER
Classification number HV 721
Item number .P76 2025
100 ## - MAIN ENTRY--PERSONAL NAME
Relator code Editor
Personal name Bissell Susan
245 04 - TITLE STATEMENT
Title The safety and protection of the world's children :
Remainder of title ongoing challenges in a growing field /
Statement of responsibility, etc Susan Bissell, A.K. Shiva Kumar.
250 ## - EDITION STATEMENT
Edition statement 1.
263 ## - PROJECTED PUBLICATION DATE
Projected publication date 2411
264 #1 - PUBLICATION, DISTRIBUTION, ETC. (IMPRINT)
Place of publication, distribution, etc New York :
Name of publisher, distributor, etc Oxford University Press,
Date of publication, distribution, etc 2024.
300 ## - PHYSICAL DESCRIPTION
Extent xxxiv, 239p.:
336 ## - CONTENT TYPE
Content type term text
Content type code txt
Source rdacontent
337 ## - MEDIA TYPE
Media type term unmediated
Media type code n
Source rdamedia
338 ## - CARRIER TYPE
Carrier type term volume
Carrier type code nc
Source rdacarrier
520 ## - SUMMARY, ETC.
Summary, etc "Discourse surrounding the safety and protection of children has been influenced by various approaches. It is now timely to consider a broader framework that brings these together, for they are mutually reinforcing"--
Assigning source Provided by publisher.
650 ## - SUBJECT ADDED ENTRY--TOPICAL TERM
Source of heading or term
700 1# - ADDED ENTRY--PERSONAL NAME
Personal name Bissell, Susan,
Relator term editor.
700 1# - ADDED ENTRY--PERSONAL NAME
Personal name Kumar, A.K. Shiva,
Relator term editor.
906 ## - LOCAL DATA ELEMENT F, LDF (RLIN)
a 0
b ibc
c orignew
d 2
e epcn
f 20
g y-gencatlg
942 ## - ADDED ENTRY ELEMENTS (KOHA)
Source of classification or shelving scheme Library of Congress Classification
Koha item type Books
Holdings
Withdrawn status Lost status Source of classification or shelving scheme Damaged status Not for loan Permanent Location Current Location Date acquired Inventory number Total Checkouts Full call number Date last seen Price effective from Koha item type
    Library of Congress Classification     NILE UNIVERSITY OF NIGERIA - MAIN LIBRARY NILE UNIVERSITY OF NIGERIA - MAIN LIBRARY 10/11/2025 0199056   HV 721 .P76 2025 10/11/2025 10/11/2025 Books
    Library of Congress Classification     NILE UNIVERSITY OF NIGERIA - MAIN LIBRARY NILE UNIVERSITY OF NIGERIA - MAIN LIBRARY 10/11/2025 0199057   HV 721 .P76 2025 10/11/2025 10/11/2025 Books